内蒙古自治区县级行政区划 - Statistics

General Stats
  • This quiz has been taken 52 times
  • The average score is 52 of 103
Answer Stats
城市 区县 % Correct
呼伦贝尔市 满洲里市
76%
锡林郭勒盟 二连浩特市
76%
阿拉善盟 额济纳旗
76%
兴安盟 阿尔山市
70%
锡林郭勒盟 锡林浩特市
70%
锡林郭勒盟 正蓝旗
70%
阿拉善盟 阿拉善左旗
70%
阿拉善盟 阿拉善右旗
70%
赤峰市 红山区
67%
赤峰市 克什克腾旗
67%
锡林郭勒盟 镶黄旗
67%
呼和浩特市 回民区
64%
呼和浩特市 赛罕区
64%
呼和浩特市 土默特左旗
64%
赤峰市 巴林左旗
64%
赤峰市 巴林右旗
64%
呼伦贝尔市 海拉尔区
64%
兴安盟 乌兰浩特市
64%
包头市 土默特右旗
61%
包头市 达尔罕茂明安联合旗
61%
赤峰市 翁牛特旗
61%
赤峰市 喀喇沁旗
61%
呼伦贝尔市 额尔古纳市
61%
乌海市 海勃湾区
58%
乌海市 乌达区
58%
鄂尔多斯市 东胜区
58%
鄂尔多斯市 杭锦旗
58%
呼伦贝尔市 鄂伦春自治旗
58%
呼伦贝尔市 陈巴尔虎旗
58%
乌兰察布市 集宁区
58%
呼和浩特市 新城区
55%
包头市 九原区
55%
包头市 白云鄂博矿区
55%
通辽市 科尔沁区
55%
通辽市 科尔沁左翼中旗
55%
呼伦贝尔市 牙克石市
55%
呼伦贝尔市 扎兰屯市
55%
呼伦贝尔市 根河市
55%
兴安盟 扎赉特旗
55%
呼和浩特市 玉泉区
52%
包头市 昆都仑区
52%
包头市 青山区
52%
乌海市 海南区
52%
赤峰市 元宝山区
52%
通辽市 霍林郭勒市
52%
通辽市 科尔沁左翼后旗
52%
鄂尔多斯市 伊金霍洛旗
52%
巴彦淖尔市 五原县
52%
乌兰察布市 察哈尔右翼前旗
52%
乌兰察布市 四子王旗
52%
锡林郭勒盟 正镶白旗
52%
呼和浩特市 清水河县
48%
通辽市 奈曼旗
48%
呼伦贝尔市 扎赉诺尔区
48%
乌兰察布市 察哈尔右翼中旗
48%
锡林郭勒盟 苏尼特左旗
48%
锡林郭勒盟 苏尼特右旗
48%
锡林郭勒盟 东乌珠穆沁旗
48%
锡林郭勒盟 西乌珠穆沁旗
48%
呼和浩特市 和林格尔县
45%
呼和浩特市 武川县
45%
包头市 石拐区
45%
包头市 固阳县
45%
赤峰市 敖汉旗
45%
鄂尔多斯市 准格尔旗
45%
鄂尔多斯市 达拉特旗
45%
鄂尔多斯市 乌审旗
45%
呼伦贝尔市 莫力达瓦达斡尔族自治旗
45%
呼伦贝尔市 新巴尔虎左旗
45%
呼伦贝尔市 新巴尔虎右旗
45%
巴彦淖尔市 临河区
45%
巴彦淖尔市 乌拉特中旗
45%
巴彦淖尔市 乌拉特后旗
45%
巴彦淖尔市 杭锦后旗
45%
乌兰察布市 察哈尔右翼后旗
45%
兴安盟 突泉县
45%
兴安盟 科尔沁右翼前旗
45%
兴安盟 科尔沁右翼中旗
45%
锡林郭勒盟 太仆寺旗
45%
呼和浩特市 托克托县
42%
包头市 东河区
42%
赤峰市 松山区
42%
鄂尔多斯市 康巴什区
42%
呼伦贝尔市 鄂温克族自治旗
42%
巴彦淖尔市 乌拉特前旗
42%
锡林郭勒盟 多伦县
42%
赤峰市 林西县
39%
赤峰市 阿鲁科尔沁旗
39%
呼伦贝尔市 阿荣旗
39%
乌兰察布市 卓资县
39%
乌兰察布市 商都县
39%
赤峰市 宁城县
36%
通辽市 开鲁县
36%
通辽市 库伦旗
36%
巴彦淖尔市 磴口县
36%
乌兰察布市 丰镇市
36%
鄂尔多斯市 鄂托克前旗
33%
鄂尔多斯市 鄂托克旗
33%
乌兰察布市 凉城县
33%
锡林郭勒盟 阿巴嘎旗
33%
乌兰察布市 化德县
30%
乌兰察布市 兴和县
30%
通辽市 扎鲁特旗
27%
No matching quizzes found
Score Distribution
Percent of People with Each Score
Percentile by Number Answered
Your Score History
You have not taken this quiz